Chuyện tình đẫm lệ

Wedi'i Gadw mewn:
Manylion Llyfryddiaeth
Prif Awdur: Nesin, Aziz
Fformat: Llyfr
Iaith:Undetermined
Cyhoeddwyd: Hà Nội Hội nhà văn 2004
Pynciau:
Tagiau: Ychwanegu Tag
Dim Tagiau, Byddwch y cyntaf i dagio'r cofnod hwn!
Thư viện lưu trữ: Trung tâm Học liệu Trường Đại học Cần Thơ
LEADER 00612nam a2200205Ia 4500
001 CTU_74032
008 210402s9999 xx 000 0 und d
020 |b 42000 
082 |a 894.353 
082 |b N457 
100 |a Nesin, Aziz 
245 0 |a Chuyện tình đẫm lệ 
245 0 |c Azit Nêxin; Thái Hà dịch 
260 |a Hà Nội 
260 |b Hội nhà văn 
260 |c 2004 
650 |a Turkish fiction 
650 |x Collection 
904 |i Mai Loan, Mai sửa nhãn 894.3 thành 894.353/N457 chưa in nhãn 
980 |a Trung tâm Học liệu Trường Đại học Cần Thơ